Der Chippendale - Stil (Record no. 7636)

MARC details
000 -CABECERA
campo de control de longitud fija 00770nam a2200253 a 4500
001 - NÚMERO DE CONTROL
campo de control BRCA_7967
005 - FECHA Y HORA DE LA ÚLTIMA TRANSACCIÓN
campo de control 20190320210056.0
008 - DATOS DE LONGITUD FIJA--INFORMACIÓN GENERAL
campo de control de longitud fija 110314s1955----gw-a###f##---#000-0#ger-#
041 ## - CÓDIGO DE LENGUA
Código de lengua del texto/banda sonora o título independiente ger
044 ## - CÓDIGO DEL PAÍS DE LA ENTIDAD EDITORA/PRODUCTORA
Código MARC del país gw
050 #4 - SIGNATURA TOPOGRÁFICA DE LA BIBLIOTECA DEL CONGRESO
Número de clasificación NK2542
Número de documento/Ítem .Ch56
100 1# - ENTRADA PRINCIPAL--NOMBRE DE PERSONA
Nombre de persona Chippendale, Thomas
Fechas asociadas al nombre 1718-1779
9 (RLIN) 13537
245 10 - MENCIÓN DE TÍTULO
Título Der Chippendale - Stil
Mención de responsabilidad, etc. neuausgabe von Thomas Chippendale.
260 ## - PUBLICACIÓN, DISTRIBUCIÓN, ETC.
Lugar de publicación, distribución, etc. Bonn
Nombre del editor, distribuidor, etc. K. Schroeder
Fecha de publicación, distribución, etc. [1955]
300 ## - DESCRIPCIÓN FÍSICA
Extensión 57 p.
Otras características físicas il., 212 láminas
Dimensiones 34 cm.
500 ## - NOTA GENERAL
Nota general 3132
500 ## - NOTA GENERAL
Nota general Obra basada en el libro ´The Gentleman an the Cabinetmarker´s Director´
546 ## - NOTA DE LENGUA/LENGUAJE
Nota de lengua/lenguaje Texto en: alemán e inglés
650 14 - PUNTO DE ACCESO ADICIONAL DE MATERIA--TÉRMINO DE MATERIA
Término de materia o nombre geográfico como elemento de entrada Muebles Chippendale
9 (RLIN) 14200
650 14 - PUNTO DE ACCESO ADICIONAL DE MATERIA--TÉRMINO DE MATERIA
Término de materia o nombre geográfico como elemento de entrada Muebles ingleses
9 (RLIN) 9632
650 14 - PUNTO DE ACCESO ADICIONAL DE MATERIA--TÉRMINO DE MATERIA
Término de materia o nombre geográfico como elemento de entrada Muebles coloniales
9 (RLIN) 11731
902 ## - CATALOGADOR
Iniciales GFM
942 ## - ELEMENTOS DE PUNTO DE ACCESO ADICIONAL (KOHA)
Fuente del sistema de clasificación o colocación Library of Congress Classification
Tipo de ítem Koha Libros
Holdings
Estado de retiro Estado de pérdida Estado dañado No para préstamo Localización permanente Ubicación/localización actual Fecha de adquisición Número de inventario Total de préstamos Signatura topográfica completa Código de barras Fecha visto por última vez Precio válido a partir de Tipo de ítem Koha
El ejemplar forma parte de la colección y puede ser consultado según las políticas vigentes.       Biblioteca del Museo Franz Mayer (Rogerio Casas-Alatriste) Biblioteca del Museo Franz Mayer (Rogerio Casas-Alatriste) 11/03/2014 3132   NK2542 .Ch56 (3132) 8578 22/03/2019 22/03/2019 Libros